Assessing the impact (Record no. 30134)

MARC details
000 -LEADER
fixed length control field 00788cab a2200193 4500
001 - CONTROL NUMBER
control field ABS44588
008 - FIXED-LENGTH DATA ELEMENTS--GENERAL INFORMATION
fixed length control field 090401t1991 xxu||||| |||| 00| 0 eng d
035 ## - SYSTEM CONTROL NUMBER
System control number (Sirsi) u47900
041 ## - LANGUAGE CODE
Language code of text/sound track or separate title eng
100 ## - MAIN ENTRY--PERSONAL NAME
Personal name Simpson, B.
245 ## - TITLE STATEMENT
Title Assessing the impact
260 ## - PUBLICATION, DISTRIBUTION, ETC.
Date of publication, distribution, etc. 1991
350 ## - PRICE (NR) (BK AM CF MU VM SE) [OBSOLETE]
Price 0
490 ## - SERIES STATEMENT
Series statement Surveyor
Volume/sequential designation 175(5140) 9 May 1991 14-15(2)
520 ## - SUMMARY, ETC.
Summary, etc. Though environmental assessment practice in transport planning has been formalised in the Manual of Environmental Appraisal and an EC directive has been issued, there is plenty ofroom forimprovement. The article considers the arguments for broadening the scope of the legislation, or conversely, applying the existing rules more effectively.
690 ## - LOCAL SUBJECT ADDED ENTRY--TOPICAL TERM (OCLC, RLIN)
Topical term or geographic name as entry element TRANSPORT AND COMMUNICATIONS
942 ## - ADDED ENTRY ELEMENTS (KOHA)
Suppress in OPAC 0
948 ## - LOCAL PROCESSING INFORMATION (OCLC); SERIES PART DESIGNATOR (RLIN)
c (OCLC) 04/03/1997
Holdings
Withdrawn status Lost status Source of classification or shelving scheme Damaged status Not for loan Home library Current library Shelving location Date acquired Total Checkouts Full call number Barcode Date last seen Copy number Price effective from Koha item type
    Dewey Decimal Classification     London London Journal article 14/09/1999   ABS44588 47900-1001 06/08/2019 1 06/08/2019 Journal article